000 00906nam a2200229 a 4500
003 OSt
005 20131009164558.0
008 131009s2007 ag ||||| |||| 10| 0 spa d
020 _a978-950-38-0085-0
040 _cBiblioteca Medicina
041 _aspa
082 _bCONGRESOS 004
111 2 _aMinisterio de Salud de la Nacion
_92689
245 0 0 _aHacia un Cuidado Integral de la Salud para la Equidad: de Alma Ata a la Declaracion del Milenio. Conferencia Internacional de Salud para el Desarrollo: Derechos, hechos y realidades
250 _a1ยบ ed.
260 _aBuenos Aires
_bMinisterio de la Salud de la Nacion
_c2007
300 _a177 p.
518 _aBuenos Aires, Argentina. 13 al 17 de Agosto de 2007
653 _aATENCION PRIMARIA DE LA SALUD-CONGRESO-2007
942 _2ddc
_cPH
952 _40
_00
_bBFM
_10
_oCONGRESOS 004
_d2013-10-09
_tEj. 1
_8NFIC
_70
_cCR
_2ddc
_yPH
_aBFM
999 _c1776
_d1776